African Geography by Letter - T - Statistics

General Stats
  • This quiz has been taken 941 times
    841 since last reset
  • The average score is 12 of 20
Answer Stats
Hint Answer % Correct
Country south of Kenya Tanzania
98%
Northernmost country Tunisia
98%
Country between Ghana and Benin Togo
97%
Capital of Libya Tripoli
94%
Ancient capital in northern Mali Timbuktu
83%
Ethnic group who were the primary victims of the Rwandan genocide Tutsis
75%
Kenya is world's 3rd-largest producer of these popular leaves Tea
74%
Flat-topped mountain of Cape Town {Table} Mountain
70%
Deepest lake Tanganyika
66%
Largest of the Canary Islands Tenerife
64%
Major Bantu language in Zambia or an Oceanian country Tonga
61%
Seychelles is home to the world's largest population of these reptiles Giant {Tortoise}
58%
African biting fly that spreads sleeping sickness Tsetse Fly
58%
Northernmost city in Morocco Tangier
56%
Malawi's top export Tobacco
42%
Cairo square site of massive protests during the Arab Spring {Tahrir} Square
34%
Former areas in city outskirts in South Africa for non-whites Township
29%
Most spoken language in Eritrea Tigrinya
21%
Two of the official languages of South Africa Tsonga / Tswana
21%
World's largest permanent desert lake Turkana
11%
No matching quizzes found
Score Distribution
Percent of People with Each Score
Percentile by Number Answered
Your Score History
You have not taken this quiz since the last reset